[Event "HZ Chess Tournament 2024"]
[Site "Vlissingen, Netherlands"]
[Date "2024.08.03"]
[Round "1.48"]
[White "De Rycke, Tyani"]
[Black "De Feijter, Niels"]
[Result "1/2-1/2"]
[WhiteElo "2122"]
[BlackElo "1827"]
[PlyCount "82"]

1. e4 c6 2. d4 d5 3. Nc3 dxe4 4. Nxe4 Bf5 5. Ng3 Bg6 6. Nf3 e6 7. Bd3 Bxd3 8.
Qxd3 Nf6 9. O-O Be7 10. b3 O-O 11. Bb2 Nbd7 12. c4 Qa5 13. a3 b5 14. Rfe1 Rab8
15. b4 Qa6 16. Rac1 Nb6 17. Ne5 Rbc8 18. Ne4 Nxe4 19. Rxe4 Bf6 20. Ng4 Bg5 21.
cxb5 Qxb5 22. Qxb5 cxb5 23. Rc5 Na4 24. Rxg5 Nxb2 25. Re1 a6 26. Rc5 Nc4 27.
Ra1 Rcd8 28. f3 Rxd4 29. a4 Rd5 30. Rxd5 exd5 31. axb5 axb5 32. Ra7 Rd8 33. Nf2
Kf8 34. Rc7 Re8 35. Nd3 Re3 36. Nf4 d4 37. Rd7 Rb3 38. Rd8+ Ke7 39. Rxd4 Ke8
40. Nd5 Ne3 41. Kf2 Nc2 1/2-1/2

[Event "HZ Chess Tournament 2024"]
[Site "Vlissingen, Netherlands"]
[Date "2024.08.03"]
[Round "1.49"]
[White "Schoor, Carl"]
[Black "Coenen, Eduard"]
[Result "0-1"]
[WhiteElo "1827"]
[BlackElo "2117"]
[PlyCount "121"]

1. e4 g6 2. d4 d6 3. Nc3 c6 4. Bc4 Bg7 5. Nf3 e6 6. O-O Ne7 7. e5 d5 8. Bd3 c5
9. dxc5 Nd7 10. Bb5 Qc7 11. Bg5 Nc6 12. Bxc6 Qxc6 13. Re1 h6 14. Bf4 Qxc5 15.
Qd4 Qxd4 16. Nxd4 a6 17. Rad1 Nb6 18. b3 Bd7 19. Nb1 Nc8 20. a4 Ne7 21. Na3 g5
22. Bg3 Bf8 23. Nb1 Nc6 24. c3 Rc8 25. f4 Nxd4 26. cxd4 b5 27. axb5 Bxb5 28.
Rc1 Rxc1 29. Rxc1 Kd7 30. fxg5 hxg5 31. Be1 Be7 32. Bd2 Rb8 33. Ba5 Rb7 34. Nd2
f6 35. h3 fxe5 36. dxe5 Ba3 37. Rc3 Bb2 38. Rf3 Bxe5 39. Rf7+ Kc6 40. Rxb7 Kxb7
41. Nf3 Bf4 42. Kf2 Kc6 43. Bb4 Bd3 44. g3 Bc7 45. Bd2 e5 46. Nxg5 a5 47. Be3
Bc2 48. h4 Bxb3 49. Nf3 a4 50. Ke2 d4 51. Bc1 Kd5 52. g4 e4 53. Nd2 d3+ 54. Ke3
Bb6+ 55. Kf4 e3 56. Nb1 d2 57. Bxd2 exd2 58. Nxd2 Bc2 59. h5 a3 60. h6 a2 61.
h7 0-1

[Event "HZ Chess Tournament 2024"]
[Site "Vlissingen, Netherlands"]
[Date "2024.08.03"]
[Round "1.50"]
[White "Hirzel, Cedric"]
[Black "De Graaf, Jacob"]
[Result "1-0"]
[WhiteElo "2116"]
[BlackElo "1825"]
[PlyCount "97"]

1. d4 d5 2. c4 e6 3. Nf3 Nf6 4. g3 Be7 5. Bg2 O-O 6. O-O c5 7. cxd5 exd5 8.
dxc5 Bxc5 9. a3 Be6 10. b4 Bb6 11. Bb2 Ne4 12. Nc3 Nc6 13. Na4 f6 14. Rc1 a6
15. Nd4 Bxd4 16. Bxd4 Nxd4 17. Qxd4 b5 18. Nc5 Bf7 19. Nxe4 dxe4 20. Qxe4 Rc8
21. Rfd1 Rxc1 22. Rxc1 Bc4 23. Bf3 Re8 24. Qc6 Re6 25. Qb7 Rd6 26. Kg2 h5 27.
h4 g6 28. Kh2 f5 29. Rc3 Qd7 30. Qa8+ Kg7 31. Re3 Re6 32. Rxe6 Qxe6 33. Qa7+
Kf6 34. Qc7 Bxe2 35. Qd8+ Kg7 36. Bd5 Qf6 37. Qg8+ Kh6 38. Bf7 Qg7 39. Qe8 Bc4
40. Qe3+ Kh7 41. Bxc4 bxc4 42. a4 Qd7 43. Qc5 Qd3 44. b5 axb5 45. axb5 c3 46.
b6 c2 47. b7 Qb3 48. Qc7+ Kg8 49. b8=R+ 1-0

[Event "HZ Chess Tournament 2024"]
[Site "Vlissingen, Netherlands"]
[Date "2024.08.03"]
[Round "1.54"]
[White "Lacrosse, Marc"]
[Black "Brady, Roan"]
[Result "1-0"]
[WhiteElo "2112"]
[BlackElo "1817"]
[PlyCount "35"]

1. d4 Nf6 2. c4 Nc6 3. Nf3 e6 4. g3 d5 5. Bg2 h6 6. O-O Bd6 7. b3 O-O 8. Bb2 b6
9. Nbd2 Bb7 10. Rc1 Qe7 11. Ne5 Na5 12. c5 bxc5 13. dxc5 Bxc5 14. Qc2 Ba3 15.
Bxa3 Qxa3 16. Qc5 Qxa2 17. Rc2 Nxb3 18. Qxf8+ 1-0